| 000 -ლიდერი |
| ფიქსირებული სიგრძის საკონტროლო ველი |
01070nam a22001937a 4500 |
| 003 - საკონტროლო ნომრის იდენტიფიკატორი |
| საკონტროლო ველი |
Ge_BSU |
| 005 - ბოლო ოპერაციის თარიღი და დრო |
| საკონტროლო ველი |
20251126191630.0 |
| 008 - ფიქსირებული სიგრძის მონაცემთა ელემენტები - ზოგადი ინფორმაცია |
| ფიქსირებული სიგრძის საკონტროლო ველი |
251125s2025 ge ||||| |||| 00| 0 geo d |
| 020 ## - წიგნის საერთაშორისო სტანდარტული ნომერი |
| International Standard Book Number |
22333541 |
| 041 ## - ენის კოდი |
| Language code of text/sound track or separate title |
geo |
| 080 ## - უნივერსალური ათობითი კლასიფიკაციის ინდექსი |
| Universal Decimal Classification number |
930.25(479.23)(061) ა-86 |
| 245 ## - ცნობა სათაურის შესახებ |
| Title |
არხეიონი = Archeion : |
| Statement of responsibility, etc |
აჭარის ავტონომიური რესპუბლიკის მთავრობის საქვეუწყებო დაწესებულება-საარქივო სამმართველო; რედაქტორი მაია ივანიშვილი, თამაზ ფუტკარაძე. |
| Remainder of title |
ტომი 27 / |
| 264 ## - წარმოების, გამოცემის, დისტრიბუციის და სხვა ცნობები |
| გამოცემის, წარმოების, დისტრიბუციის... ადგილი |
ბათუმი : |
| გამოცემის, წარმოების, დისტრიბუციის... სახელწოდება |
უნივერსალი, |
| გამოცემის, წარმოების, დისტრიბუციის... თარიღი |
2025. |
| 300 ## - ფიზიკური აღწერა |
| Extent |
224 გვ.; |
| Other physical details |
26 სმ. |
| 653 ## - INDEX TERM--UNCONTROLLED |
| Uncontrolled term |
არხეიონი |
| 700 ## - ADDED ENTRY--PERSONAL NAME |
| Personal name |
ივანიშვილი, მაია |
| Relator term |
მთ. რედაქტორი |
| 9 (RLIN) |
26317 |
| 700 ## - ADDED ENTRY--PERSONAL NAME |
| Personal name |
ფუტკააძე, თ. |
| Relator term |
რედაქტორი |
| 9 (RLIN) |
26318 |
| 942 ## - ADDED ENTRY ELEMENTS (KOHA) |
| Source of classification or shelving scheme |
|
| Koha item type |
წიგნი |